000 00871nam a2200229 a 4500
001 000044094
005 20240412074303.0
008 140515s2014 dr 000 j spa d
020 _a9789945583861
040 _aDO-SdBNP
_bspa
_cBNPHU
082 _aRD863.44
_bV719e
100 1 _aVillar, Juan,
_d1958-
_972087
245 1 0 _aEntre febrero y el olvido /
_cJuan Villar.
260 _aSanto Domingo :
_bSantuario,
_c2014.
300 _a55 p. ;
_c23 cm.
500 _aIncluye datos biográficos del autor en las solapas
505 0 _tUn aparte entre febrero y el olvido --
_rAvelino Stanley --
_tFederico va al paraiso --
_tNo era un día culaquiera --
_t¿Cuántas son las bajas? --
_tEntre febrero y el olvido
590 _aInventariado, 2020/VM
650 0 _aCuentos dominicanos
_9176
650 0 _aLiteratura dominicana.
_967
910 _aValidado. Control de calidad MFF
999 _c43583
_d43583